000 00333nam a2200133Ia 4500
008 240624s9999 xx 000 0 und d
041 _aeng
082 _a828 SAT
100 _aSATPATHY C B
245 _aAGE OF SHIRDI SAI
260 _c2014
_aNew Delhi
_bSterling Publishers (P) Ltd.
300 _axiv, 241 p.; 21 cm.
365 _cRS
999 _c29415
_d29415